[Event "4NCL Online Division 5"]
[Site "online"]
[Date "2021.01.26"]
[Round "1.121"]
[White "Karthikeyan, Pranav"]
[Black "Cooney, Brendan"]
[Result "1-0"]
[WhiteElo "722"]
[BlackElo "1864"]
[PlyCount "149"]
[EventDate "2021.01.26"]
[WhiteTeam "BCC Foxes"]
[BlackTeam "St Benildus C"]

1. d4 d5 2. Bf4 Nf6 3. e3 c5 4. c4 e6 5. Nf3 dxc4 6. Bxc4 a6 7. O-O b5 8. Be2
Bb7 9. dxc5 Qxd1 10. Rxd1 Bxc5 11. Nc3 Nd5 12. Nxd5 Bxd5 13. Bg5 f6 14. Bh4 Nd7
15. Rac1 Bb6 16. a3 Ke7 17. h3 Rac8 18. Ne1 Ne5 19. Nd3 Nxd3 20. Bxd3 Bb3 21.
Re1 h6 22. Bg6 Rhd8 23. Bg3 e5 24. Bf5 Rc4 25. Kf1 Rd2 26. Rb1 Bc2 27. Bxc2
Rcxc2 28. b3 Ra2 29. a4 bxa4 30. bxa4 Rab2 31. Rxb2 Rxb2 32. Ra1 Kd6 33. Ke1
Kc6 34. e4 Bd4 35. Rc1+ Kb6 36. Rc8 Ra2 37. Rg8 Ka5 38. Rxg7 Kxa4 39. Rg6 Kb3
40. Rxh6 Kc3 41. Kf1 Kd3 42. Kg1 Kxe4 43. Rxf6 a5 44. Kh2 a4 45. f3+ Kd5 46. h4
a3 47. h5 Rc2 48. h6 Rc7 49. Ra6 Ra7 50. Rxa7 Bxa7 51. h7 a2 52. h8=Q a1=Q 53.
Qg8+ Kd4 54. Qd8+ Ke3 55. Qg5+ Ke2 56. Qxe5+ Qxe5 57. Bxe5 Bf2 58. f4 Ke3 59.
g4 Ke4 60. Kg2 Be3 61. Kg3 Kd5 62. Kf3 Bc1 63. Ba1 Ke6 64. Ke4 Bd2 65. f5+ Kf7
66. Be5 Bg5 67. Bf4 Bh4 68. g5 Be1 69. g6+ Kg7 70. Be5+ Kg8 71. f6 Bd2 72. Kf5
Bh6 73. Ke6 Kf8 74. g7+ Kg8 75. f7+ 1-0

[Event "4NCL Online Division 5"]
[Site "online"]
[Date "2021.01.26"]
[Round "1.122"]
[White "Sweeney, Ronan"]
[Black "Tran, Le Gia Khuong"]
[Result "1-0"]
[WhiteElo "1758"]
[BlackElo "726"]
[PlyCount "111"]
[EventDate "2021.01.26"]
[WhiteTeam "St Benildus C"]
[BlackTeam "BCC Foxes"]

1. d4 d5 2. Nf3 Nc6 3. Bf4 Bf5 4. e3 Nf6 5. c4 dxc4 6. Bxc4 e6 7. Nc3 Bb4 8.
O-O Bxc3 9. bxc3 O-O 10. Nh4 h6 11. Nxf5 exf5 12. Rb1 Na5 13. Bd3 Qd7 14. Rb5
b6 15. Rxf5 Rfe8 16. Be5 Ng4 17. Qxg4 f6 18. Bxf6 Rf8 19. Re1 Rxf6 20. e4 Re8
21. e5 Rxf5 22. Bxf5 Qe7 23. Bg6 Qe6 24. Qxe6+ Rxe6 25. Be4 Re7 26. Bd5+ Kh8
27. Re3 c6 28. Be4 c5 29. Rf3 Re8 30. d5 g5 31. e6 Nc4 32. Bg6 Re7 33. Rf7 Rxf7
34. Bxf7 Kg7 35. Kf1 Nd2+ 36. Ke2 Nc4 37. Kd3 b5 38. g3 g4 39. Be8 Kf6 40. Bxb5
Ne5+ 41. Ke4 h5 42. e7 Kxe7 43. Kxe5 a5 44. a4 Kd8 45. Kd6 c4 46. Bxc4 Kc8 47.
Ke7 Kc7 48. d6+ Kc8 49. d7+ Kb7 50. d8=Q Kc6 51. Qd5+ Kc7 52. Qd7+ Kb6 53. Kd6
h4 54. Qc6+ Ka7 55. Bd5 h3 56. Qb7# 1-0

[Event "4NCL Online Division 5"]
[Site "online"]
[Date "2021.01.26"]
[Round "1.124"]
[White "Putar, Slavko"]
[Black "Wang, Mark"]
[Result "1-0"]
[WhiteElo "1676"]
[BlackElo "704"]
[PlyCount "55"]
[EventDate "2021.01.26"]
[WhiteTeam "St Benildus C"]
[BlackTeam "BCC Foxes"]

1. e4 e5 2. Nf3 Nc6 3. Nc3 Bc5 4. Nxe5 Nxe5 5. d4 Bd6 6. dxe5 Bxe5 7. Bd2 Nf6
8. Bd3 d6 9. O-O O-O 10. Kh1 Ng4 11. f4 Bxc3 12. Bxc3 Qh4 13. h3 Nf2+ 14. Rxf2
Qxf2 15. f5 Qh4 16. Qf3 b6 17. Kh2 Bb7 18. g3 Qe7 19. Qg4 f6 20. Re1 a5 21. h4
a4 22. h5 h6 23. a3 Qf7 24. Bd2 g5 25. hxg6 Qa2 26. Qh5 Qxb2 27. Qxh6 Qxa3 28.
Qh7# 1-0

[Event "4NCL Online Division 5"]
[Site "online"]
[Date "2021.01.26"]
[Round "1.131"]
[White "Lockett, Daniel"]
[Black "Sarpotdar, Amogh"]
[Result "1-0"]
[WhiteElo "1743"]
[BlackElo "1976"]
[PlyCount "99"]
[EventDate "2021.01.26"]
[WhiteTeam "Shropshire 4"]
[BlackTeam "Stroud Middles"]

1. e4 c5 2. Nf3 Nc6 3. Bb5 g6 4. O-O Bg7 5. c3 Nf6 6. Qa4 O-O 7. Re1 Qc7 8. d4
cxd4 9. cxd4 d5 10. exd5 Nxd5 11. Bxc6 bxc6 12. Nc3 Rb8 13. a3 Nxc3 14. bxc3 c5
15. Qc4 Bb7 16. Ne5 Rbc8 17. Bf4 Bxe5 18. Rxe5 cxd4 19. Qxd4 Rfd8 20. Qe3 Qxc3
21. Qxc3 Rxc3 22. Rxe7 Rxa3 23. Rae1 Bc6 24. Rc7 Bd5 25. Bg5 Ra8 26. h4 Be6 27.
Bf6 Rb3 28. Ra1 a5 29. Ra4 Rb4 30. Ra3 a4 31. Be7 Rb3 32. Rxb3 axb3 33. Rb7 Kg7
34. Bc5 Kf6 35. Bd4+ Kf5 36. f3 Ra5 37. Kf2 h5 38. g3 Ra2+ 39. Ke3 Rc2 40. Rb5+
Bd5 41. Rxd5+ Ke6 42. Rb5 b2 43. Rxb2 Rxb2 44. Bxb2 Kf5 45. Bc1 f6 46. Kf2 g5
47. Bd2 g4 48. f4 Ke4 49. Ke2 f5 50. Bc3 1-0

[Event "4NCL Online Division 5"]
[Site "online"]
[Date "2021.01.26"]
[Round "1.132"]
[White "Killey, Ainsley"]
[Black "Podlesak, Mark"]
[Result "0-1"]
[WhiteElo "1606"]
[BlackElo "1749"]
[PlyCount "134"]
[EventDate "2021.01.26"]
[WhiteTeam "Stroud Middles"]
[BlackTeam "Shropshire 4"]

1. e4 d5 2. exd5 Qxd5 3. Nc3 Qd6 4. Nf3 Nf6 5. d4 c6 6. h3 Bf5 7. Be3 Nbd7 8.
Bd3 Bxd3 9. Qxd3 e6 10. O-O Be7 11. a3 a5 12. Rad1 O-O 13. Ne4 Nxe4 14. Qxe4
Nf6 15. Qe5 Qd5 16. Bf4 Rfd8 17. Rfe1 Qa2 18. Bc1 Qc4 19. Qe2 Qxe2 20. Rxe2 a4
21. c4 Ne8 22. Be3 Nd6 23. Rc2 Nf5 24. Bf4 Bd6 25. Bxd6 Nxd6 26. d5 Ne4 27. Re1
exd5 28. cxd5 cxd5 29. Rc7 b5 30. Ne5 Rac8 31. Rec1 Rxc7 32. Rxc7 Nd6 33. Nc6
Re8 34. Rd7 Nc4 35. Rxd5 h6 36. Rxb5 Re1+ 37. Kh2 Re2 38. Kg3 Nxb2 39. Rb8+ Kh7
40. Rb7 Rc2 41. Nd4 Rc3+ 42. Kf4 Nd3+ 43. Kf5 Rc5+ 44. Kg4 Rg5+ 45. Kh4 Rxg2
46. Rxf7 Rxf2 47. Rxf2 Nxf2 48. Kg3 Ne4+ 49. Kf4 Nd6 50. Nc2 g5+ 51. Kg4 Kg6
52. Kf3 Kf5 53. Nd4+ Ke5 54. Nc2 h5 55. Ke3 Nf5+ 56. Kf2 Ke4 57. Nb4 Nd4 58.
Kg3 Nb5 59. Nc2 Nc3 60. Nb4 Nb5 61. Nc2 Kd3 62. Nb4+ Kc4 63. Kf3 Kb3 64. Ke4
Nxa3 65. Nd5 Nc2 66. Kd3 Nb4+ 67. Kd2 Nxd5 0-1

[Event "4NCL Online Division 5"]
[Site "online"]
[Date "2021.01.26"]
[Round "1.133"]
[White "Nield, Robert C"]
[Black "Davis, Cameron"]
[Result "0-1"]
[WhiteElo "1648"]
[BlackElo "1589"]
[PlyCount "140"]
[EventDate "2021.01.26"]
[WhiteTeam "Shropshire 4"]
[BlackTeam "Stroud Middles"]

1. d4 d5 2. c4 c6 3. g3 Nf6 4. Nc3 dxc4 5. Bg2 e5 6. dxe5 Qxd1+ 7. Kxd1 Ng4 8.
Ke1 Nxe5 9. Nf3 Nxf3+ 10. Bxf3 Bf5 11. Be3 Be7 12. Rd1 O-O 13. a3 Nd7 14. Be4
Bxe4 15. Nxe4 Nf6 16. Nxf6+ Bxf6 17. Bd4 Bxd4 18. Rxd4 Rad8 19. Rxc4 Rd6 20. e3
Rfd8 21. Kf1 Rd2 22. Rb4 b5 23. Kg2 a5 24. Rb3 g6 25. Rc1 R8d6 26. Rbc3 Rf6 27.
Kh3 Rfxf2 28. Rxc6 Rxh2+ 29. Kg4 Rxb2 30. Rc8+ Kg7 31. Rb8 h5+ 32. Kf4 Rhf2+
33. Ke4 Rb3 34. Rcc8 Rxa3 35. Rg8+ Kh6 36. Rh8+ Kg5 37. Rxb5+ f5+ 38. Ke5 Rxe3+
39. Kd4 Re4+ 40. Kd3 Rf3+ 41. Kd2 Rxg3 42. Rxa5 Rh4 43. Re8 Rh2+ 44. Re2 Rxe2+
45. Kxe2 h4 46. Kf2 Kg4 47. Ra4+ f4 48. Rb4 h3 49. Rb6 g5 50. Rb4 h2 51. Rb1
Rg1 52. Rxg1+ hxg1=Q+ 53. Kxg1 Kg3 54. Kf1 Kh2 55. Kf2 g4 56. Ke2 g3 57. Kf3 g2
58. Kg4 g1=Q+ 59. Kh4 Qg5+ 60. Kxg5 f3 61. Kh4 f2 62. Kg4 f1=Q 63. Kh4 Qg2 64.
Kh5 Kg3 65. Kg5 Qf3 66. Kh6 Qg4 67. Kh7 Kf4 68. Kh6 Kf5 69. Kh7 Kf6 70. Kh8
Qg7# 0-1

[Event "4NCL Online Division 5"]
[Site "online"]
[Date "2021.01.26"]
[Round "1.134"]
[White "Sarpotdar, Angad"]
[Black "Hilditch-Love, Daniel"]
[Result "1/2-1/2"]
[WhiteElo "1448"]
[BlackElo "1626"]
[PlyCount "104"]
[EventDate "2021.01.26"]
[WhiteTeam "Stroud Middles"]
[BlackTeam "Shropshire 4"]

1. e4 Nc6 2. d4 d5 3. exd5 Qxd5 4. Be3 e5 5. c3 Bf5 6. Nf3 O-O-O 7. Be2 exd4 8.
cxd4 Bxb1 9. Rxb1 Bb4+ 10. Bd2 Bxd2+ 11. Qxd2 Nxd4 12. Nxd4 Qxd4 13. Qg5 Nf6
14. O-O Rd5 15. Qg3 Ne4 16. Qg4+ f5 17. Qh4 g5 18. Qh3 Rhd8 19. b3 Qe5 20. Rfe1
Nc3 21. Bc4 Rd1 22. Rbxd1 Rxd1 23. Rxd1 Nxd1 24. Qf3 Qe1+ 25. Bf1 f4 26. g3 h5
27. gxf4 g4 28. Qe2 Qxe2 29. Bxe2 Nc3 30. Bc4 Nxa2 31. Bf7 h4 32. Be6+ Kd8 33.
Bxg4 Ke7 34. Kg2 Nc3 35. Kh3 b5 36. Kxh4 Kf6 37. Kg3 c5 38. Kf3 a5 39. Ke3 c4
40. bxc4 b4 41. Kd3 a4 42. Kc2 a3 43. c5 a2 44. Kb2 Na4+ 45. Kxa2 Nxc5 46. f3
Nd3 47. Kb3 Nxf4 48. Kxb4 Nd3+ 49. Kc3 Ne5 50. Kd4 Nxf3+ 51. Bxf3 Kg7 52. h4
Kh8 1/2-1/2

[Event "4NCL Online Division 5"]
[Site "online"]
[Date "2021.01.26"]
[Round "1.141"]
[White "Brightley-Davies, Ciaran"]
[Black "Hogg, Stephen William"]
[Result "0-1"]
[WhiteElo "1625"]
[BlackElo "2027"]
[PlyCount "118"]
[EventDate "2021.01.26"]
[WhiteTeam "Kent KJCA Kestrels E"]
[BlackTeam "Dundee City B"]

1. e4 c5 2. Nf3 d6 3. d4 cxd4 4. Nxd4 Nf6 5. Nc3 a6 6. Bd3 e6 7. Bg5 Be7 8. O-O
O-O 9. f4 Qb6 10. Nce2 e5 11. c3 Nc6 12. Kh1 exd4 13. Nxd4 Bg4 14. Qd2 Rad8 15.
h3 Bc8 16. Nxc6 bxc6 17. b3 a5 18. Qe1 Ba6 19. c4 Qc5 20. Qh4 h6 21. Bxh6 gxh6
22. Qxh6 Qh5 23. Qxh5 Nxh5 24. Rf3 Ng7 25. f5 Bf6 26. Rg1 d5 27. g4 dxc4 28.
bxc4 c5 29. g5 Be5 30. h4 Bb7 31. f6 Rxd3 32. Rxd3 Bxe4+ 33. Rg2 Bxd3 34. Rd2
Rd8 35. Rxd3 Rxd3 36. fxg7 Rh3+ 37. Kg2 Rxh4 38. a4 Rxc4 39. g6 fxg6 40. Kh3
Rxa4 41. Kg2 Rf4 42. Kh3 a4 43. Kg3 a3 44. Kg2 a2 45. Kg3 c4 46. Kh3 c3 47. Kg2
c2 48. Kh3 Kxg7 49. Kg2 Kh6 50. Kh2 Kg5 51. Kg2 Kg4 52. Kh2 Rf3+ 53. Kg2 g5 54.
Kg1 Kg3 55. Kh1 g4 56. Kg1 Rf2 57. Kh1 Bd4 58. Kg1 Rg2+ 59. Kh1 Rg1# 0-1

[Event "4NCL Online Division 5"]
[Site "online"]
[Date "2021.01.26"]
[Round "1.142"]
[White "Borwell, Alan P"]
[Black "Sagar, Aneesh"]
[Result "1-0"]
[WhiteElo "1950"]
[BlackElo "1516"]
[PlyCount "59"]
[EventDate "2021.01.26"]
[WhiteTeam "Dundee City B"]
[BlackTeam "Kent KJCA Kestrels E"]

1. b3 e5 2. Bb2 Nc6 3. e3 d5 4. Bb5 Bd6 5. f4 Qe7 6. Nc3 Nf6 7. fxe5 Bxe5 8.
Nf3 Bxc3 9. Bxc3 Bd7 10. O-O O-O 11. Bxc6 Bxc6 12. Bxf6 Qxf6 13. Nd4 Qd6 14.
Qe2 Bd7 15. Nf5 Bxf5 16. Rxf5 c6 17. Raf1 Rae8 18. Qf3 Re7 19. g4 Qc7 20. Rf4
Qd7 21. h3 Qc7 22. Kg2 Qd7 23. g5 Re6 24. h4 Rg6 25. Qh3 Qe7 26. Kh1 Re6 27.
Qg4 Rg6 28. Rf5 h6 29. R1f3 Rf6 30. gxf6 1-0

[Event "4NCL Online Division 5"]
[Site "online"]
[Date "2021.01.26"]
[Round "1.143"]
[White "Langley, Anthony M"]
[Black "Kynoch, Richard"]
[Result "0-1"]
[WhiteElo "1503"]
[BlackElo "1873"]
[PlyCount "56"]
[EventDate "2021.01.26"]
[WhiteTeam "Kent KJCA Kestrels E"]
[BlackTeam "Dundee City B"]

1. e4 c5 2. c4 Nc6 3. Nf3 g6 4. Nc3 Bg7 5. Be2 a6 6. d3 e6 7. Bf4 d6 8. Qd2 h6
9. h3 Nge7 10. g4 g5 11. Bg3 Ng6 12. h4 gxh4 13. Nxh4 Nd4 14. Nxg6 fxg6 15. f4
b5 16. cxb5 axb5 17. e5 Nb3 18. axb3 Rxa1+ 19. Bd1 dxe5 20. Nxb5 Ba6 21. Nc3
Qxd3 22. Qxd3 Bxd3 23. fxe5 O-O 24. Kd2 Ba6 25. Na4 Rd8+ 26. Kc2 Bd3+ 27. Kc3
Be4 28. Re1 Rc1+ 0-1

[Event "4NCL Online Division 5"]
[Site "online"]
[Date "2021.01.26"]
[Round "1.144"]
[White "Dawson, Euan"]
[Black "Oprea, Danny"]
[Result "1-0"]
[WhiteElo "1833"]
[BlackElo "1383"]
[PlyCount "51"]
[EventDate "2021.01.26"]
[WhiteTeam "Dundee City B"]
[BlackTeam "Kent KJCA Kestrels E"]

1. e4 c5 2. Nc3 Nc6 3. g3 g6 4. Bg2 Bg7 5. Nge2 Nf6 6. O-O O-O 7. h3 d6 8. d3
Bd7 9. Be3 Qc8 10. Kh2 a6 11. Qd2 Ne5 12. f4 Nc6 13. g4 e5 14. f5 Nd4 15. Ng3
Bc6 16. g5 Nd7 17. f6 Bh8 18. Nd5 Bxd5 19. exd5 Nb6 20. c3 Nf5 21. Nxf5 gxf5
22. Qf2 f4 23. Qh4 Bxf6 24. gxf6 Nd7 25. Qg5+ Kh8 26. Qg7# 1-0

[Event "4NCL Online Division 5"]
[Site "online"]
[Date "2021.01.26"]
[Round "1.151"]
[White "Hughes, Gavin James"]
[Black "Frean, Daniel J"]
[Result "0-1"]
[WhiteElo "1908"]
[BlackElo "2065"]
[PlyCount "66"]
[EventDate "2021.01.26"]
[WhiteTeam "Brentwood B"]
[BlackTeam "Broadland Falco Duboisi"]

1. e4 d6 2. Nc3 Nf6 3. g3 c5 4. Bg2 g6 5. Nge2 Bg7 6. O-O Nc6 7. d3 O-O 8. h3
Bd7 9. Be3 a6 10. a4 Rb8 11. Qd2 b5 12. Bh6 b4 13. Nd5 Ne8 14. Bxg7 Nxg7 15. b3
e6 16. Ne3 f5 17. Nc4 Qc7 18. f4 e5 19. Ne3 Rbe8 20. Rad1 a5 21. Nd5 Qd8 22. c3
bxc3 23. Qxc3 Nd4 24. Nxd4 cxd4 25. Qb2 Qb8 26. Qa3 Be6 27. Rc1 Bxd5 28. exd5
exf4 29. gxf4 Re2 30. Rc6 Qe8 31. Qxd6 Qe3+ 32. Kh1 Nh5 33. Rf3 Re1+ 0-1

[Event "4NCL Online Division 5"]
[Site "online"]
[Date "2021.01.26"]
[Round "1.152"]
[White "Hughes, Mervyn"]
[Black "Pert, Nina"]
[Result "0-1"]
[WhiteElo "1879"]
[BlackElo "1859"]
[PlyCount "76"]
[EventDate "2021.01.26"]
[WhiteTeam "Broadland Falco Duboisi"]
[BlackTeam "Brentwood B"]

1. b3 d5 2. Bb2 c6 3. e3 Qc7 4. f4 Nf6 5. Nf3 Nbd7 6. Be2 Nc5 7. O-O e6 8. Ne5
Be7 9. d3 O-O 10. Nd2 a5 11. Qe1 Ne8 12. Ng4 f6 13. e4 b5 14. Qg3 Qd8 15. Rad1
Bd7 16. Rf3 a4 17. f5 e5 18. b4 a3 19. Ba1 Na4 20. d4 Nb2 21. Rb1 Bxb4 22. c3
Bd6 23. dxe5 fxe5 24. Bxb2 axb2 25. Rxb2 Nf6 26. exd5 e4 27. Qxd6 exf3 28. Bxf3
Nxg4 29. Bxg4 Bxf5 30. Qxd8 Raxd8 31. Bxf5 Rxf5 32. dxc6 Rc8 33. Nf3 Rc5 34.
Nd4 Rxc3 35. Kf2 Rc4 36. Nxb5 R8xc6 37. Ke3 Rc2 38. Nd4 R6c3+ 0-1

[Event "4NCL Online Division 5"]
[Site "online"]
[Date "2021.01.26"]
[Round "1.153"]
[White "Pert, Max"]
[Black "Badger, Paul"]
[Result "0-1"]
[WhiteElo "1671"]
[BlackElo "1762"]
[PlyCount "64"]
[EventDate "2021.01.26"]
[WhiteTeam "Brentwood B"]
[BlackTeam "Broadland Falco Duboisi"]

1. e4 d6 2. d4 Nf6 3. Nc3 g6 4. Nf3 Bg7 5. h3 O-O 6. Bd3 b6 7. O-O Bb7 8. a4
Nbd7 9. Be3 c5 10. d5 Rc8 11. Qd2 c4 12. Be2 Nc5 13. Bxc5 Rxc5 14. Nd4 e6 15.
dxe6 Qe7 16. exf7+ Rxf7 17. f3 d5 18. Rae1 dxe4 19. fxe4 Nxe4 20. Rxf7 Qxf7 21.
Nxe4 Bxe4 22. Bf3 Bxf3 23. Nxf3 Rd5 24. Qe2 Rd7 25. Ng5 Qd5 26. Qe8+ Bf8 27.
Rf1 Qc5+ 28. Rf2 Rd1+ 29. Kh2 Qxf2 30. Qe6+ Kg7 31. Qe5+ Kh6 32. Ne6 Bd6 0-1

[Event "4NCL Online Division 5"]
[Site "online"]
[Date "2021.01.26"]
[Round "1.154"]
[White "Stephanides, Costakis"]
[Black "Willoughby, Charlotte"]
[Result "1-0"]
[WhiteElo "1263"]
[BlackElo "1667"]
[PlyCount "93"]
[EventDate "2021.01.26"]
[WhiteTeam "Broadland Falco Duboisi"]
[BlackTeam "Brentwood B"]

1. f4 d5 2. Nf3 Nc6 3. e3 Nf6 4. Bb5 Bd7 5. O-O e6 6. b3 Be7 7. Bb2 O-O 8. Bxc6
Bxc6 9. Ne5 Bd7 10. a4 Ne4 11. Nxd7 Qxd7 12. d3 Nf6 13. Nd2 Qd8 14. a5 Bc5 15.
Qf3 c6 16. Qg3 d4 17. Ne4 Nxe4 18. dxe4 f6 19. Rfd1 Qc7 20. exd4 Bb4 21. Qh3
Qxf4 22. Qxe6+ Kh8 23. Qc4 Bd6 24. e5 fxe5 25. dxe5 Bxe5 26. Qxf4 Bxf4 27. Rd7
Be3+ 28. Kh1 Bh6 29. Rxb7 Rf2 30. Bd4 Rxc2 31. Bxa7 Re8 32. Bg1 Kg8 33. a6 Rd2
34. a7 Rdd8 35. g3 Bg5 36. Ra6 Rc8 37. Rab6 Ra8 38. Rb8 Rxa7 39. Rxe8+ Kf7 40.
Rc8 Ra1 41. Rb7+ Kf6 42. Rxc6+ Kf5 43. Rb5+ Kg4 44. Kg2 Ra2+ 45. Bf2 h6 46. h3+
Kh5 47. g4# 1-0

[Event "4NCL Online Division 5"]
[Site "online"]
[Date "2021.01.26"]
[Round "1.161"]
[White "Suyash Srikanta Prasad"]
[Black "Bromilow, Edward T"]
[Result "1-0"]
[WhiteElo "1347"]
[BlackElo "1885"]
[PlyCount "87"]
[EventDate "2021.01.26"]
[WhiteTeam "Uxbridge Destroyers"]
[BlackTeam "Ashfield Anonymous C"]

1. e4 c6 2. d4 d5 3. exd5 cxd5 4. c4 Nf6 5. Nc3 e6 6. Nf3 Bb4 7. Bd3 dxc4 8.
Bxc4 Qc7 9. Qa4+ Nc6 10. Bb5 Bxc3+ 11. bxc3 Bd7 12. O-O a6 13. Bxc6 Bxc6 14.
Qd1 O-O 15. Ne5 Be4 16. c4 Bg6 17. Bf4 Qb6 18. Nxg6 hxg6 19. c5 Qc6 20. Be5 Nd5
21. Qb3 Rfd8 22. Rab1 Rd7 23. Rfd1 f6 24. Bg3 Rad8 25. Rd3 Ne7 26. Re1 Kf7 27.
Rde3 Nd5 28. Rxe6 Qxe6 29. Rxe6 Kxe6 30. Qf3 Kf7 31. Bd6 Ne7 32. Qb3+ Ke8 33.
Qe6 b6 34. g4 bxc5 35. dxc5 a5 36. f4 a4 37. h4 a3 38. h5 g5 39. f5 Kf8 40. h6
gxh6 41. Qxf6+ Ke8 42. Qxh6 Kf7 43. Qe6+ Kg7 44. f6+ 1-0

[Event "4NCL Online Division 5"]
[Site "online"]
[Date "2021.01.26"]
[Round "1.162"]
[White "Morgan, Philip D"]
[Black "Jewad, Raeid"]
[Result "1-0"]
[WhiteElo "1821"]
[BlackElo "1375"]
[PlyCount "53"]
[EventDate "2021.01.26"]
[WhiteTeam "Ashfield Anonymous C"]
[BlackTeam "Uxbridge Destroyers"]

1. e4 e6 2. d4 d5 3. e5 c5 4. c3 Nc6 5. Nf3 Qb6 6. a3 Be7 7. b4 cxd4 8. cxd4
Bd7 9. Nc3 a6 10. Na4 Qa7 11. Bb2 Nh6 12. Bd3 Nf5 13. Bc2 b5 14. Nc5 Bxc5 15.
dxc5 a5 16. O-O axb4 17. axb4 Qb7 18. Rxa8+ Qxa8 19. Bxf5 exf5 20. Qxd5 O-O 21.
Qxd7 Nxb4 22. Qd2 Qe4 23. Re1 Qc4 24. Qc3 Qf4 25. e6 f6 26. Qb3 Kh8 27. Nd4 1-0

[Event "4NCL Online Division 5"]
[Site "online"]
[Date "2021.01.26"]
[Round "1.163"]
[White "Hasan, Abu"]
[Black "Pettinger, Martin"]
[Result "0-1"]
[WhiteElo "1376"]
[BlackElo "1730"]
[PlyCount "142"]
[EventDate "2021.01.26"]
[WhiteTeam "Uxbridge Destroyers"]
[BlackTeam "Ashfield Anonymous C"]

1. e4 c5 2. Bc4 g6 3. Nf3 Bg7 4. d4 cxd4 5. Nxd4 Nc6 6. Nxc6 bxc6 7. O-O d6 8.
Qf3 Nf6 9. Nc3 O-O 10. Qg3 Rb8 11. Rb1 Rb4 12. Qd3 Qc7 13. a3 Rb8 14. Bf4 Nd7
15. b4 Ne5 16. Qe2 Bg4 17. f3 Nxc4 18. Qxc4 Be6 19. Qd3 Rfc8 20. Ne2 c5 21.
bxc5 Qxc5+ 22. Be3 Qa5 23. Rxb8 Rxb8 24. Bd4 Qa4 25. Bxg7 Kxg7 26. Qd4+ Qxd4+
27. Nxd4 Bc4 28. Ra1 Rb6 29. a4 a5 30. Kf2 e5 31. Ne2 Rb2 32. Rc1 Kf6 33. Nc3
Bb3 34. Nd5+ Bxd5 35. exd5 Ra2 36. Kg3 h5 37. f4 Ra3+ 38. c3 Rxa4 39. fxe5+
Kxe5 40. c4 Kd4 41. Rf1 f5 42. Rf4+ Ke5 43. h4 Ra3+ 44. Rf3 Rxf3+ 45. Kxf3 a4
46. c5 dxc5 47. d6 Kxd6 48. g4 fxg4+ 49. Kf4 a3 50. Kg3 a2 51. Kf2 a1=Q 52. Kg2
c4 53. Kf2 c3 54. Kg2 c2 55. Kh2 c1=Q 56. Kg2 g5 57. hxg5 Qxg5 58. Kg3 h4+ 59.
Kf2 g3+ 60. Kg2 Qgg7 61. Kf3 g2 62. Kf2 g1=Q+ 63. Ke2 h3 64. Kd2 h2 65. Kd3
h1=Q 66. Ke2 Qaf1+ 67. Kd2 Q7g5+ 68. Kc2 Qgc1+ 69. Kb3 Qfd1+ 70. Kb4 Qge1+ 71.
Kb5 Qhc6# 0-1

[Event "4NCL Online Division 5"]
[Site "online"]
[Date "2021.01.26"]
[Round "1.164"]
[White "Graham, Neil"]
[Black "Martellotta, Gabriele"]
[Result "1-0"]
[WhiteElo "1776"]
[BlackElo "1352"]
[PlyCount "55"]
[EventDate "2021.01.26"]
[WhiteTeam "Ashfield Anonymous C"]
[BlackTeam "Uxbridge Destroyers"]

1. d4 d5 2. e4 dxe4 3. Nc3 Nf6 4. f3 exf3 5. Nxf3 Bg4 6. h3 Bh5 7. g4 Bg6 8.
Ne5 Be4 9. Nxe4 Nxe4 10. Qf3 Nd6 11. Bc4 f6 12. Be6 c6 13. O-O Na6 14. Bd7+
Qxd7 15. Nxd7 Kxd7 16. c3 Nc7 17. Bf4 Re8 18. Rae1 g6 19. Re2 Bg7 20. Rfe1 Rhf8
21. Bxd6 Kxd6 22. Qf4+ Kd7 23. Rxe7+ Rxe7 24. Rxe7+ Kxe7 25. Qxc7+ Ke6 26. Qxg7
Rf7 27. Qg8 Ke7 28. Kg2 1-0

[Event "4NCL Online Division 5"]
[Site "online"]
[Date "2021.02.09"]
[EventDate "2021.02.09"]
[Round "2.11"]
[White "Roderick, Andrew"]
[WhiteElo "1828"]
[WhiteTeam "Welwyn Hatfield"]
[Black "Price, Michael C"]
[BlackElo "1739"]
[BlackTeam "Uxbridge Bulldogs"]
[Result "1-0"]
[PlyCount "53"]

1. e4 c5 2. d4 cxd4 3. c3 dxc3 4. Nxc3 Nc6 5. Nf3 e6 6. Bc4 a6 7. O-O b5 8. Bb3 Bb7 9. Bf4 Be7 10. e5 Na5 11. Bc2 h6 12. Qe2 Rc8 13. Rfd1 Nc4 14. b3 Na3 15. Be4 Rxc3 16. Bxb7 Qc7 17. Be4 Bb4 18. Nd4 d5 19. exd6 Bxd6 20. Bxd6 Qxd6 21. Nxb5 Nxb5 22. Rxd6 Nxd6 23. Qxa6 Nxe4 24. Qa4+ Ke7 25. Qxe4 Rc7 26. Qb4+ Kd7 27. Qd4+ 1-0

[Event "4NCL Online Division 5"]
[Site "online"]
[Date "2021.02.09"]
[EventDate "2021.02.09"]
[Round "2.12"]
[White "Knight, David"]
[WhiteElo "1671"]
[WhiteTeam "Uxbridge Bulldogs"]
[Black "White, David"]
[BlackElo "1775"]
[BlackTeam "Welwyn Hatfield"]
[Result "0-1"]
[PlyCount "98"]

1. c4 Nf6 2. Nf3 g6 3. Nc3 Bg7 4. g3 d6 5. Bg2 O-O 6. O-O Nc6 7. d4 Bf5 8. Re1 Ne4 9. e3 e5 10. Nh4 Nxc3 11. bxc3 Bd7 12. Rb1 Rb8 13. Bb2 Na5 14. Qe2 Be6 15. d5 Bd7 16. e4 c5 17. Bc1 f5 18. exf5 gxf5 19. Bd2 Bf6 20. Kh1 Bxh4 21. gxh4 Qxh4 22. Rg1 Kh8 23. f4 e4 24. Be3 b6 25. Bf2 Qh6 26. Bg3 Rg8 27. Bf1 Rg6 28. Qe3 Rbg8 29. Be2 Qh3 30. Bf1 Qh6 31. Be2 R6g7 32. Rg2 Be8 33. Rbg1 Bh5 34. Be1 Rxg2 35. Rxg2 Rxg2 36. Kxg2 Bxe2 37. Qxe2 Qxf4 38. Bg3 Qh6 39. Qf1 Qg6 40. Kh1 Kg7 41. Bf4 Kf7 42. Qe2 Ke7 43. Qf1 Qg4 44. h3 Qf3+ 45. Qxf3 exf3 46. Kg1 Nxc4 47. Kf2 Ne5 48. Bxe5 dxe5 49. Kxf3 c4 0-1

[Event "4NCL Online Division 5"]
[Site "online"]
[Date "2021.02.09"]
[EventDate "2021.02.09"]
[Round "2.13"]
[White "Smith, Andrew PE"]
[WhiteElo "1727"]
[WhiteTeam "Welwyn Hatfield"]
[Black "Knight, Daniel"]
[BlackElo "1663"]
[BlackTeam "Uxbridge Bulldogs"]
[Result "1-0"]
[PlyCount "59"]

1. d4 d5 2. c4 Nf6 3. cxd5 Nxd5 4. e4 Nb6 5. Nc3 e6 6. Nf3 Be7 7. Be3 O-O 8. Bd3 N8d7 9. Qc2 Re8 10. e5 Nf8 11. h4 Nd5 12. Nxd5 exd5 13. Ng5 g6 14. f4 Bxg5 15. hxg5 Bg4 16. f5 Bxf5 17. Bxf5 gxf5 18. Qxf5 Re6 19. Ke2 a5 20. Rh6 Raa6 21. Rf6 Rxf6 22. gxf6 Ng6 23. Rh1 Qe8 24. Qh5 Qb5+ 25. Kf3 Kf8 26. Qxh7 Ke8 27. Qg8+ Nf8 28. Qxf8+ Kd7 29. Qxf7+ Kc6 30. Qe8+ 1-0

[Event "4NCL Online Division 5"]
[Site "online"]
[Date "2021.02.09"]
[EventDate "2021.02.09"]
[Round "2.14"]
[White "Foale, Ron"]
[WhiteElo "1511"]
[WhiteTeam "Uxbridge Bulldogs"]
[Black "Sims, Tony J"]
[BlackElo "1598"]
[BlackTeam "Welwyn Hatfield"]
[Result "0-1"]
[PlyCount "26"]

1. e4 c5 2. Nf3 d6 3. Nc3 Nf6 4. d4 cxd4 5. Nxd4 a6 6. Bg5 e6 7. Be2 Be7 8. Qd3 Nbd7 9. f4 Qc7 10. O-O-O b5 11. Kb1 Bb7 12. Rhg1 Nc5 13. Qe3 b4 0-1

[Event "4NCL Online Division 5"]
[Site "online"]
[Date "2021.02.09"]
[EventDate "2021.02.09"]
[Round "2.21"]
[White "Murphy, Conor E"]
[WhiteTitle "FM"]
[WhiteElo "2396"]
[WhiteTeam "Charlton Cobras A"]
[Black "Povah, Nigel E"]
[BlackTitle "IM"]
[BlackElo "2280"]
[BlackTeam "Guildford Castles 1"]
[Result "1-0"]
[PlyCount "51"]

1. e4 c5 2. Nf3 e6 3. d4 cxd4 4. Nxd4 Nc6 5. Nc3 Qc7 6. Be3 a6 7. Qf3 Nf6 8. Nxc6 bxc6 9. Qg3 Qxg3 10. hxg3 d5 11. exd5 cxd5 12. O-O-O Bd7 13. f3 Bc6 14. g4 e5 15. g5 d4 16. gxf6 dxc3 17. Bg5 cxb2+ 18. Kb1 g6 19. Bc4 h6 20. Bf4 e4 21. fxe4 Bb4 22. e5 Bxg2 23. Rxh6 Rxh6 24. Bxh6 Be4 25. Rd4 Bf5 26. Bb3 1-0